ბათუმის შოთა რუსთაველის სახელმწიფო უნივერსიტეტის ბიბლიოთეკა

პედიატრია : (ბიბ.ჩანაწერი № 49292)

000 -ლიდერი
ფიქსირებული სიგრძის საკონტროლო ველი 01176nam a2200241Ia 4500
001 - საკონტროლო ნომერი
საკონტროლო ველი 16208
003 - საკონტროლო ნომრის იდენტიფიკატორი
საკონტროლო ველი GE_BSU
005 - ბოლო ოპერაციის თარიღი და დრო
საკონტროლო ველი 20230928153132.0
008 - ფიქსირებული სიგრძის მონაცემთა ელემენტები - ზოგადი ინფორმაცია
ფიქსირებული სიგრძის საკონტროლო ველი 181216s2010ge xx |||||||||||||| ||geo||
020 ## - წიგნის საერთაშორისო სტანდარტული ნომერი
International Standard Book Number ISBN 9789941423093
040 ## - კატალოგიზაციის წყარო
Transcribing agency GE_BSU
041 ## - ენის კოდი
Language code of text/sound track or separate title geo
080 ## - უნივერსალური ათობითი კლასიფიკაციის ინდექსი
Universal Decimal Classification number 616-053.2(075.8)
100 ## - მთავარი ჩანაწერი - პიროვნების სახელი
Personal name მანჯავიძე, ნინო
9 (RLIN) 11381
245 ## - ცნობა სათაურის შესახებ
Title პედიატრია :
Remainder of title ტ.1 : სახ–ლო უმაღლ.სამედიც.სასწ.სტუდენტებისათვის /
Statement of responsibility, etc ნინო მანჯავიძე, გიული მეგრელიშვილი, შემდგ. ქეთევან გოგბერაშვილი
264 ## - წარმოების, გამოცემის, დისტრიბუციის და სხვა ცნობები
გამოცემის, წარმოების, დისტრიბუციის... ადგილი თბილისი
გამოცემის, წარმოების, დისტრიბუციის... სახელწოდება შპს ,,თობალისი",
გამოცემის, წარმოების, დისტრიბუციის... თარიღი 2010.
300 ## - ფიზიკური აღწერა
Extent 528 გვ .:
Other physical details ცხრ.ილ. +2 ჩართ.ფ.ილ.
Dimensions 23 სმ.
653 ## - INDEX TERM--UNCONTROLLED
Uncontrolled term მედიცინა
653 ## - INDEX TERM--UNCONTROLLED
Uncontrolled term პედიატრია
700 ## - ADDED ENTRY--PERSONAL NAME
Personal name მეგრელიშვილი,გიული
9 (RLIN) 19946
700 ## - ADDED ENTRY--PERSONAL NAME
Personal name გოგბერაშვილი, ქეთევან
Relator term შემდგენელი
9 (RLIN) 19947
942 ## - ADDED ENTRY ELEMENTS (KOHA)
Koha item type წიგნი
Source of classification or shelving scheme
ეგზემპლარები
ჩამოწერის სტატუსი დაკარგული ეგზემპლარის სტატუსი კლასიფიკაციის წყარო ან თაროზე გაწყობის სქემა დაზიანების სტატუსი არ გაიცემა მუდმივი მდებარეობა (დაცვის ადგილი) ამჟამინდელი ადგილსამყოფელი თაროზე განთავსების ადგილი შეძენის თარიღი ღირებულება, შესყიდვის ნორმალური ფასი სრული შენახვის შიფრი შტრიხკოდი ბოლო ოპერაციის თარიღი ეგზემპლარის მიმდევრობითი ნომერი (კეტერი?) ფასის ძალაში შესვლის თარიღი ეგზემპლარის სახეობა საჯარო შენიშვნა
          ბათუმის შოთა რუსთაველის სახელმწიფო უნივერსიტეტის მთავარი ბიბლიოთეკა ბათუმის შოთა რუსთაველის სახელმწიფო უნივერსიტეტის მთავარი ბიბლიოთეკა წიგნის კალათა 2018-12-17 49.00 616-053.2(075.8) მ-26 39948 2018-12-17 39948 2018-12-17 წიგნი 49.00
          ბათუმის შოთა რუსთაველის სახელმწიფო უნივერსიტეტის მთავარი ბიბლიოთეკა ბათუმის შოთა რუსთაველის სახელმწიფო უნივერსიტეტის მთავარი ბიბლიოთეკა წიგნსაცავი 2018-12-17 49.00 616-053.2(075.8) მ-26 39947 2018-12-17 39947 2018-12-17 წიგნი 49.00
          ბათუმის შოთა რუსთაველის სახელმწიფო უნივერსიტეტის მთავარი ბიბლიოთეკა ბათუმის შოთა რუსთაველის სახელმწიფო უნივერსიტეტის მთავარი ბიბლიოთეკა წიგნსაცავი 2018-12-17 49.00 616-053.2(075.8) მ-26 39946 2018-12-17 39946 2018-12-17 წიგნი 49.00
          ბათუმის შოთა რუსთაველის სახელმწიფო უნივერსიტეტის მთავარი ბიბლიოთეკა ბათუმის შოთა რუსთაველის სახელმწიფო უნივერსიტეტის მთავარი ბიბლიოთეკა წიგნსაცავი 2018-12-17 49.00 616-053.2(075.8) მ-26 39945 2018-12-17 39945 2018-12-17 წიგნი 49.00
          ბათუმის შოთა რუსთაველის სახელმწიფო უნივერსიტეტის მთავარი ბიბლიოთეკა ბათუმის შოთა რუსთაველის სახელმწიფო უნივერსიტეტის მთავარი ბიბლიოთეკა წიგნსაცავი 2018-12-17 49.00 616-053.2(075.8) მ-26 39944 2018-12-17 39944 2018-12-17 წიგნი 49.00
          ბათუმის შოთა რუსთაველის სახელმწიფო უნივერსიტეტის მთავარი ბიბლიოთეკა ბათუმის შოთა რუსთაველის სახელმწიფო უნივერსიტეტის მთავარი ბიბლიოთეკა წიგნსაცავი 2018-12-17 49.00 616-053.2(075.8) მ-26 39943 2018-12-17 39943 2018-12-17 წიგნი 49.00
          ბათუმის შოთა რუსთაველის სახელმწიფო უნივერსიტეტის მთავარი ბიბლიოთეკა ბათუმის შოთა რუსთაველის სახელმწიფო უნივერსიტეტის მთავარი ბიბლიოთეკა წიგნსაცავი 2018-12-17 49.00 616-053.2(075.8) მ-26 39942 2018-12-17 39942 2018-12-17 წიგნი 49.00
          ბათუმის შოთა რუსთაველის სახელმწიფო უნივერსიტეტის მთავარი ბიბლიოთეკა ბათუმის შოთა რუსთაველის სახელმწიფო უნივერსიტეტის მთავარი ბიბლიოთეკა წიგნსაცავი 2018-12-17 49.00 616-053.2(075.8) მ–26 39941 2018-12-17 39941 2018-12-17 წიგნი 49.00